| 000 | 00987nam a22002777a 4500 | ||
|---|---|---|---|
| 005 | 20170123162314.0 | ||
| 010 | _aA-574708 | ||
| 020 | _c28.00 | ||
| 035 | _aA-574708 | ||
| 037 | _bCen Lib/Ret | ||
| 040 |
_aDPL _bUR |
||
| 082 |
_a842 _bح ی ن |
||
| 100 |
_a _9113589 |
||
| 245 |
_aہندی کے نے یک بابی ڈرامے / _cمرتب نامی چندر جائیں ؛ متاجم بلراج ورما |
||
| 246 |
_aHindi ke naye yak babi drame / _bedited by Naimi Chandar Jain ; traslated by Balraaj Varma |
||
| 260 |
_aنیی دہلی _bنیشنل بک ٹرسٹ _c1991 |
||
| 270 |
_bنیی دہلی _e110006 _aگرین پارک |
||
| 300 |
_a236p. _c21cm(Hb) |
||
| 650 |
_aاردو ادب _9113590 |
||
| 650 |
_aاردو ڈرامہ _9462 |
||
| 650 |
_aUrdu literature _9113591 |
||
| 650 |
_aUrdu drama _914322 |
||
| 700 |
_aنامی چندر جائیں _9534 |
||
| 700 |
_aبلراج ورما _9113592 |
||
| 942 |
_2ddc _cUR _h842 _mح ی ن |
||
| 999 |
_c106589 _d106589 |
||